[Event "ARG-ch U2000"]
[Site "Tacuari"]
[Date "2018.11.17"]
[Round "3"]
[White "Varela, Malco Sayin"]
[Black "Garcia Gorostegui, Ezequiel"]
[Result "1-0"]
[WhiteElo "1880"]
[BlackElo "1949"]
[PlyCount "113"]
[EventDate "2018.11.16"]
[EventType "swiss"]
[EventRounds "8"]
[EventCountry "ARG"]
[SourceTitle "EXT 2020"]
[Source "ChessBase"]
[SourceDate "2019.10.17"]
[SourceVersion "1"]
[SourceVersionDate "2019.10.17"]
[SourceQuality "1"]

1. d4 Nf6 2. c4 c5 3. d5 b5 4. Qc2 g6 5. e4 bxc4 6. Bxc4 Bg7 7. Nf3 0-0 8. 0-0 d6 9. Nc3 Ba6 10. Nd2 Qa5 11. Rb1 Nbd7 12. Nb3 Qb6 13. Na4 Qb7 14. Na5 Qc8 15. Nc6 Re8 16. Bxa6 Qxa6 17. b4 Nb6 18. Nc3 cxb4 19. Rxb4 e6 20. Be3 exd5 21. Bxb6 axb6 22. exd5 Nd7 23. a4 Bxc3 24. Qxc3 Nc5 25. Qf6 Nd3 26. Rg4 Ne5 27. Rf4 Qb7 28. Qxd6 Qd7 29. Qf6 Nxc6 30. dxc6 Qc7 31. Rc4 Re6 32. Qf3 Rc8 33. Rfc1 Qe5 34. g3 Qb2 35. c7 Rf6 36. Qe3 Kg7 37. R1c2 Qb1+ 38. Kg2 Qd1 39. Qe5 Qf3+ 40. Kh3 Qf5+ 41. Qxf5 Rxf5 42. Rc6 Rf6 43. R6c4 Rf5 44. g4 Re5 45. f4 Re7 46. Kh4 h6 47. Kg3 Kf8 48. Kf3 Re6 49. f5 Rd6 50. Kf4 Ke7 51. fxg6 Rxg6 52. Rc6 Kd7 53. Rxg6 fxg6 54. Ke5 g5 55. Kf6 Kd6 56. Kg6 Ke6 57. Kxh6 1-0

[Event "Cordoba Villa Giardino op 15th"]
[Site "Cordoba"]
[Date "2016.05.26"]
[Round "4.3"]
[White "Tristan, Leonardo"]
[Black "Varela, Malco Sayin"]
[Result "1-0"]
[WhiteElo "2435"]
[BlackElo "1842"]
[PlyCount "77"]
[EventDate "2016.05.25"]
[EventType "swiss"]
[EventRounds "7"]
[EventCountry "ARG"]
[SourceTitle "EXT 2024"]
[Source "ChessBase"]
[SourceDate "2023.10.10"]
[SourceVersion "1"]
[SourceVersionDate "2023.10.10"]
[SourceQuality "1"]

1. e4 d6 2. d4 Nf6 3. Nc3 g6 4. g3 Bg7 5. Bg2 c6 6. a4 Bg4 7. Nge2 Nbd7 8. f3 Be6 9. d5 cxd5 10. exd5 Bf5 11. g4 Nxg4 12. fxg4 Bxg4 13. h3 Bh5 14. Qd3 Bxe2 15. Qxe2 Qb6 16. a5 Qb4 17. 0-0 Bd4+ 18. Kh1 Bxc3 19. Rf4 Bd4 20. c3 Qc5 21. Rxd4 Rc8 22. Bh6 f6 23. Qe6 Ne5 24. Bg7 Rf8 25. Bxf8 Kxf8 26. h4 Qc7 27. h5 Kg7 28. Qh3 Qd7 29. Qxd7 Nxd7 30. Rb4 Rc7 31. a6 b6 32. Bf1 Rc5 33. Re4 Ne5 34. Be2 f5 35. Rea4 Kf6 36. Rb4 Nd7 37. Rc4 Ne5 38. b4 Nxc4 39. Kg2 1-0

[Event "Las Varillas Cup Municipalidad"]
[Site "Las Varillas"]
[Date "2015.08.16"]
[Round "4.11"]
[White "Gimenez, Ismael"]
[Black "Varela, Malco Sayin"]
[Result "1-0"]
[WhiteElo "2181"]
[BlackElo "1842"]
[PlyCount "85"]
[EventDate "2015.08.15"]
[EventType "swiss"]
[EventRounds "7"]
[EventCountry "ARG"]
[SourceTitle "EXT 2024"]
[Source "ChessBase"]
[SourceDate "2023.10.10"]
[SourceVersion "1"]
[SourceVersionDate "2023.10.10"]
[SourceQuality "1"]

1. d4 d5 2. c4 c6 3. Nf3 Nf6 4. e3 g6 5. Nc3 Bg7 6. Bd3 0-0 7. 0-0 Bg4 8. h3 Bxf3 9. Qxf3 dxc4 10. Bxc4 Nbd7 11. Rd1 e5 12. d5 e4 13. Nxe4 Nxe4 14. Qxe4 Nb6 15. Bb3 Nxd5 16. Qc2 Qb6 17. e4 Nc7 18. Be3 Qa5 19. Rd7 Rad8 20. Rad1 Rxd7 21. Rxd7 Be5 22. Qd2 Qxd2 23. Bxd2 Ne6 24. Bh6 Rb8 25. Bxe6 fxe6 26. b3 Bf6 27. Kf1 a5 28. Bf4 e5 29. Be3 c5 30. Bxc5 Rc8 31. Rd5 Rc6 32. Be3 a4 33. bxa4 Rc4 34. a5 Rxe4 35. Rd7 Ra4 36. Bb6 Rxa2 37. Rxb7 e4 38. Ra7 Bc3 39. g4 e3 40. fxe3 Be5 41. a6 Bg3 42. Ra8+ Kg7 43. a7 1-0